[Event "XLI Festival A"]
[Site "Imperia ITA"]
[Date "1999.08.??"]
[Round "?"]
[White "Biolek, Richard sr"]
[Black "Babula, Milan"]
[WhiteElo "2439"]
[BlackElo "2334"]
[Result "1/2-1/2"]
[PlyCount "104"]
[EventDate "1999.08.29"]

1. d4 Nf6 2. Bg5 e6 3. Nf3 c5 4. e3 b6 5. d5 d6 6. Bb5+ Bd7 7. Bxd7+ Nbxd7 8.
Nc3 Be7 9. Bxf6 Nxf6 10. a4 O-O 11. O-O Ne8 12. Qd3 Bf6 13. Rfd1 Bxc3 14. Qxc3
e5 15. Qb3 Rb8 16. Nd2 Nc7 17. Nc4 e4 18. Nd2 f5 19. Rf1 Qe7 20. f4 exf3 21.
Rxf3 a6 22. Raf1 Qe5 23. Nc4 Qxd5 24. Nxd6 Qxb3 25. cxb3 g6 26. e4 fxe4 27.
Nxe4 Ne6 28. Rxf8+ Rxf8 29. Rxf8+ Kxf8 30. Kf2 Ke7 31. Ke3 Nd4 32. a5 bxa5 33.
Nxc5 Nf5+ 34. Kd3 Kd6 35. Ne4+ Ke5 36. Nd2 Kd5 37. Nc4 Kc5 38. Nxa5 Kb4 39. Nb7
Kxb3 40. Nc5+ Kxb2 41. Nxa6 Kc1 42. g4 Nh6 43. h3 Nf7 44. Ke3 h5 45. gxh5 gxh5
46. Nc5 Kd1 47. Nd3 h4 48. Kf4 Ke2 49. Nc5 Kf2 50. Kg4 Kg2 51. Nd3 Nh6+ 52.
Kxh4 Nf5+ 1/2-1/2

[Event "XLI Festival A"]
[Site "Imperia ITA"]
[Date "1999.08.??"]
[Round "?"]
[White "Biolek, Richard sr"]
[Black "Zlochevskij, Alexander"]
[WhiteElo "2439"]
[BlackElo "2454"]
[Result "1-0"]
[PlyCount "97"]
[EventDate "1999.08.29"]

1. e4 g6 2. d4 Bg7 3. c4 d6 4. Nc3 Nf6 5. Nf3 O-O 6. Be2 e5 7. O-O Na6 8. d5
Nc5 9. Bg5 a5 10. Nd2 h6 11. Be3 Ne8 12. f3 Kh7 13. a3 h5 14. b4 Nd7 15. c5 Bh6
16. Bxh6 Kxh6 17. c6 bxc6 18. dxc6 Nb6 19. Nc4 Nxc4 20. Bxc4 Ng7 21. Qd2+ Kh7
22. b5 Be6 23. Bd5 Qb8 24. Rab1 Qa7+ 25. Qf2 Qd4 26. Rfc1 f5 27. exf5 Bxf5 28.
Qxd4 exd4 29. Ne4 Rae8 30. Rd1 Bxe4 31. fxe4 Ne6 32. Bxe6 Rxe6 33. Rxd4 Re5 34.
a4 Rfe8 35. Rc1 Kg7 36. Kf2 Kf7 37. Kf3 Ke6 38. Ke3 Rf8 39. Kd3 Rg5 40. Rc2 Rg4
41. Ke3 Ke5 42. b6 cxb6 43. c7 Rc8 44. Rc6 Ke6 45. Rcxd6+ Ke7 46. Rd7+ Ke6 47.
g3 h4 48. Kf3 Rg5 49. Kf4 1-0

[Event "XLI Festival A"]
[Site "Imperia ITA"]
[Date "1999.08.??"]
[Round "?"]
[White "Biti, Ozren"]
[Black "Faraci, Antonino"]
[WhiteElo "2261"]
[BlackElo "2104"]
[Result "1/2-1/2"]
[PlyCount "66"]
[EventDate "1999.08.29"]

1. e4 c5 2. Nc3 Nc6 3. f4 d6 4. Nf3 g6 5. Bc4 Bg7 6. O-O Nh6 7. d3 Na5 8. Bb5+
Bd7 9. Bxd7+ Qxd7 10. Qe1 Nc6 11. h3 O-O 12. Qh4 f5 13. Be3 e6 14. Ng5 Rac8 15.
Rf2 Nd8 16. Re1 Ndf7 17. g4 Nxg5 18. fxg5 Nf7 19. Ref1 Bxc3 20. bxc3 Ne5 21.
Bf4 fxe4 22. Bxe5 Rxf2 23. Qxf2 dxe5 24. dxe4 Qe7 25. Qf6 Qxf6 26. gxf6 g5 27.
Rd1 Rc7 28. Rd8+ Kf7 29. Kf2 Kxf6 30. Ke2 c4 31. Rf8+ Kg7 32. Re8 Kf6 33. Rf8+
Kg7 1/2-1/2

[Event "XLI Festival A"]
[Site "Imperia ITA"]
[Date "1999.08.??"]
[Round "?"]
[White "Caposciutti, Maurizio"]
[Black "De Palma, Diego"]
[WhiteElo "2305"]
[BlackElo "2125"]
[Result "1-0"]
[PlyCount "101"]
[EventDate "1999.08.29"]

1. Nf3 d5 2. c4 e6 3. b3 Nf6 4. g3 c5 5. Bg2 Nc6 6. O-O Be7 7. cxd5 exd5 8. d4
O-O 9. Bb2 Be6 10. Nc3 cxd4 11. Nxd4 Rc8 12. Rc1 Qd7 13. Nxc6 bxc6 14. Na4 c5
15. Bxf6 gxf6 16. e4 d4 17. f4 f5 18. Nb2 Rfd8 19. Qd3 Kg7 20. Rfe1 Re8 21. Re2
Bd6 22. e5 Be7 23. Nc4 Rb8 24. Bh3 Rg8 25. Rec2 Rgc8 26. Rd1 Rb4 27. a3 Rb7 28.
Bg2 Rb5 29. g4 Rcb8 30. Rb1 h6 31. Bf3 Rg8 32. Rg2 Kf8 33. gxf5 Rxg2+ 34. Bxg2
Bxf5 35. Be4 Bxe4 36. Qxe4 Qg4+ 37. Kh1 Rb8 38. Nd2 Rd8 39. Rg1 Qh5 40. Qh7 Ke8
41. Qd3 Bh4 42. Ne4 Ke7 43. Nxc5 Bf2 44. Rf1 Be3 45. f5 Rc8 46. Qa6 Rxc5 47.
Qxa7+ Kd8 48. Qxc5 Qe2 49. Qf8+ Kc7 50. Qxf7+ Kb6 51. Qg6+ 1-0

[Event "XLI Festival A"]
[Site "Imperia ITA"]
[Date "1999.08.??"]
[Round "?"]
[White "Cugini, Verter"]
[Black "Lo Curto, Emanuele"]
[WhiteElo "2178"]
[BlackElo "2081"]
[Result "1-0"]
[PlyCount "97"]
[EventDate "1999.08.29"]

1. e4 c5 2. g3 d6 3. Bg2 Nc6 4. Ne2 g6 5. O-O Bg7 6. c3 e6 7. d4 cxd4 8. cxd4
Nf6 9. Nbc3 O-O 10. Bf4 Nh5 11. Be3 Ne7 12. Qd2 Bd7 13. Rfc1 Rc8 14. Rc2 Qa5
15. Rac1 Kh8 16. a3 Rc4 17. Nb1 Qxd2 18. Nxd2 Rxc2 19. Rxc2 Rc8 20. Rxc8+ Nxc8
21. Nc3 Nf6 22. h3 Kg8 23. f4 Bc6 24. e5 Nd5 25. Nxd5 Bxd5 26. Bxd5 exd5 27.
Nb1 f6 28. exf6 Bxf6 29. Nc3 Ne7 30. Kf2 a6 31. g4 Kf7 32. Ke2 Ke6 33. Kd3 h5
34. Ne2 hxg4 35. hxg4 Bg7 36. Ng3 Bf6 37. Bd2 Bh4 38. Nf1 Ng8 39. Ne3 Nh6 40.
Ng2 Bd8 41. f5+ Nxf5 42. Nf4+ Kf6 43. Nxd5+ Ke6 44. Nf4+ Kf6 45. gxf5 Kxf5 46.
Ng2 Kg4 47. Kc4 Bb6 48. Nf4 Kg5 49. Nd5+ 1-0

[Event "XLI Festival A"]
[Site "Imperia ITA"]
[Date "1999.08.??"]
[Round "?"]
[White "Di Paolo, Raffaele"]
[Black "Mozny, Milos"]
[WhiteElo "2294"]
[BlackElo "2366"]
[Result "0-1"]
[PlyCount "96"]
[EventDate "1999.08.29"]

1. e4 c5 2. Nf3 e6 3. d3 Nc6 4. g3 d5 5. Qe2 dxe4 6. dxe4 Nf6 7. Bg2 Be7 8. O-O
O-O 9. Rd1 Qc7 10. Nc3 a6 11. e5 Nd7 12. Bf4 b6 13. Ne4 Bb7 14. Nf6+ Bxf6 15.
exf6 e5 16. fxg7 Rfe8 17. Bh6 Nd4 18. Nxd4 exd4 19. Qf1 Ne5 20. Bf4 Qd7 21.
Bxe5 Rxe5 22. Re1 Rae8 23. Rxe5 Rxe5 24. Bxb7 Qxb7 25. Re1 Rxe1 26. Qxe1 Qd5
27. b3 b5 28. Qa5 Qd6 29. Kf1 Kxg7 30. Qd2 Qd5 31. Ke2 c4 32. bxc4 bxc4 33. h4
h6 34. f3 a5 35. Kf2 Qe5 36. Kg2 a4 37. a3 d3 38. cxd3 Qd4 39. Kf1 cxd3 40. Kg2
Qd6 41. Qc3+ f6 42. Qc1 Qe7 43. Kh3 h5 44. g4 Qd7 45. Qd2 Qd5 46. Qe3 hxg4+ 47.
fxg4 d2 48. Qe7+ Qf7 0-1

[Event "XLI Festival A"]
[Site "Imperia ITA"]
[Date "1999.08.??"]
[Round "?"]
[White "Di Paolo, Raffaele"]
[Black "Soukup, Jiri"]
[WhiteElo "2294"]
[BlackElo "2084"]
[Result "1-0"]
[PlyCount "77"]
[EventDate "1999.08.29"]

1. e4 e5 2. f4 exf4 3. Nf3 Nf6 4. e5 Nh5 5. Qe2 g5 6. g4 fxg3 7. d4 Be7 8. Nc3
g4 9. Ng5 Bxg5 10. Qxg4 Rg8 11. Qxh5 Bxc1 12. Bc4 Qg5 13. Qxf7+ Kd8 14. Qxg8+
Qxg8 15. Bxg8 Bxb2 16. Kd2 Bxa1 17. Rxa1 gxh2 18. Rh1 Nc6 19. Ke3 d6 20. e6 Ne7
21. Bf7 c6 22. Rxh2 d5 23. Rxh7 Kc7 24. Kf4 Kd6 25. Rh8 b6 26. Kg5 Bb7 27. Rxa8
Bxa8 28. Ne2 c5 29. c3 c4 30. Kf6 Bb7 31. Nf4 Bc8 32. Nh5 Bb7 33. Ng7 Bc6 34.
Be8 Ng8+ 35. Kf7 Nh6+ 36. Kf8 Bxe8 37. Kxe8 Nf5 38. Nxf5+ Kxe6 39. Ne3 1-0

[Event "XLI Festival A"]
[Site "Imperia ITA"]
[Date "1999.08.??"]
[Round "?"]
[White "Dragojlovic, Andjelko"]
[Black "Jirovsky, Milos"]
[WhiteElo "2350"]
[BlackElo "2458"]
[Result "1/2-1/2"]
[PlyCount "80"]
[EventDate "1999.08.29"]

1. e4 d5 2. exd5 Qxd5 3. Nc3 Qd6 4. Nf3 Nf6 5. Bc4 a6 6. a4 Nc6 7. h3 Bf5 8.
O-O h6 9. b3 e6 10. Ba3 Nb4 11. Qe2 Qb6 12. d3 Nc6 13. Bxf8 Rxf8 14. Nd5 Nxd5
15. Bxd5 Nb4 16. a5 Qa7 17. Be4 O-O-O 18. Bxf5 exf5 19. d4 c6 20. Rfe1 Qb8 21.
c4 Qd6 22. Ra4 c5 23. d5 g5 24. Raa1 Rg8 25. Qe5 Qd7 26. Qe7 Nc2 27. Qxc5+ Qc7
28. Qa7 Qb8 29. Qc5+ Qc7 30. Qa7 g4 31. hxg4 fxg4 32. Nd4 Nxa1 33. Rxa1 g3 34.
Rf1 gxf2+ 35. Rxf2 Rde8 36. Qa8+ Qb8 37. Qxb8+ Kxb8 38. Rxf7 Re1+ 39. Kf2 Rd1
40. Ne6 Rd2+ 1/2-1/2

[Event "XLI Festival A"]
[Site "Imperia ITA"]
[Date "1999.08.??"]
[Round "?"]
[White "Dragojlovic, Andjelko"]
[Black "Sulava, Nenad"]
[WhiteElo "2350"]
[BlackElo "2467"]
[Result "0-1"]
[PlyCount "129"]
[EventDate "1999.08.29"]

1. e4 e6 2. Nc3 c5 3. g3 a6 4. Bg2 b5 5. Nh3 Bb7 6. O-O Ne7 7. d3 d6 8. Nf4 g6
9. a3 Bg7 10. Bd2 Nd7 11. Qc1 Rc8 12. Nfe2 h6 13. a4 b4 14. Nd1 a5 15. Ne3 Ba6
16. Re1 h5 17. h3 c4 18. dxc4 Bxc4 19. Nxc4 Rxc4 20. b3 Rc6 21. Ra2 Qc7 22. Bf4
O-O 23. Qd2 Be5 24. Bg5 f6 25. Be3 Rc8 26. Nd4 Bxd4 27. Qxd4 Kf7 28. Re2 h4 29.
gxh4 Rh8 30. Ra1 Rxh4 31. Qa7 Qd8 32. Rd1 g5 33. Red2 Nc8 34. Qb7 Qc7 35. Qxc7
Rxc7 36. f3 Ne5 37. Kf2 Ke7 38. Rc1 Rc6 39. Bd4 Nb6 40. c3 Nbd7 41. Rcc2 bxc3
42. Bxc3 Nc5 43. Bf1 Nxb3 44. Bxe5 dxe5 45. Rxc6 Nxd2 46. Bg2 Rh8 47. Ra6 Rb8
48. Rxa5 Rb2 49. Ra7+ Kd6 50. Kg1 Rb1+ 51. Kf2 Rb2 52. Kg1 Nc4 53. Bf1 Ne3 54.
Bb5 Rg2+ 55. Kh1 Rf2 56. a5 Nc2 57. Kg1 Rxf3 58. a6 Nd4 59. Rd7+ Kc5 60. Bf1
Ra3 61. Rf7 f5 62. exf5 exf5 63. Rh7 Ra2 64. Bg2 Rxa6 65. Rc7+ 0-1

[Event "XLI Festival A"]
[Site "Imperia ITA"]
[Date "1999.08.??"]
[Round "?"]
[White "Dubois, Martine"]
[Black "Riccio, Eros"]
[WhiteElo "2012"]
[BlackElo "2096"]
[Result "1-0"]
[PlyCount "71"]
[EventDate "1999.08.29"]

1. e4 e5 2. Nf3 Nf6 3. Nc3 Bb4 4. g3 d6 5. d3 Nc6 6. Bg2 Nd4 7. O-O Bg4 8. a3
Bxc3 9. bxc3 Nc6 10. h3 Bh5 11. g4 Bg6 12. Nh4 Nd7 13. Nf5 Bxf5 14. exf5 Qe7
15. Rb1 Nd8 16. d4 f6 17. f4 O-O 18. g5 c6 19. fxe5 fxe5 20. Qh5 Qe8 21. Qh4 g6
22. f6 Qf7 23. a4 Re8 24. Ba3 d5 25. Be7 b6 26. c4 dxc4 27. Bxd8 Raxd8 28. Bxc6
Rc8 29. Bxd7 Qxd7 30. f7+ Kh8 31. fxe8=Q+ Qxe8 32. Qe4 exd4 33. Qxd4+ Kg8 34.
Rb5 Qe7 35. Qd5+ Kh8 36. Qe5+ 1-0

[Event "XLI Festival A"]
[Site "Imperia ITA"]
[Date "1999.08.??"]
[Round "?"]
[White "Gross, David"]
[Black "Jandecka, Tomas"]
[WhiteElo "2465"]
[BlackElo "2193"]
[Result "0-1"]
[PlyCount "64"]
[EventDate "1999.08.29"]

1. e4 c5 2. Nc3 Nc6 3. Nf3 e6 4. d4 cxd4 5. Nxd4 Nf6 6. Ndb5 d6 7. Bf4 e5 8.
Bg5 a6 9. Na3 b5 10. Nd5 Qa5+ 11. Bd2 Qd8 12. c4 b4 13. Nxf6+ gxf6 14. Nc2 Rb8
15. Qh5 Qb6 16. b3 Nd4 17. Nxb4 Qc5 18. Nd3 Qc6 19. Kd1 Qxe4 20. f3 Qb7 21. Nb4
Bf5 22. Bd3 d5 23. Nxd5 Bxd3 24. Nxf6+ Kd8 25. Qxe5 Bc2+ 26. Ke1 Qe7 27. Bf4
Rb6 28. Kf2 Qxe5 29. Bxe5 Bc5 30. Ne4 Re8 31. Bf6+ Rxf6 32. Nxf6 Nf5+ 0-1

[Event "XLI Festival A"]
[Site "Imperia ITA"]
[Date "1999.08.??"]
[Round "?"]
[White "Gross, David"]
[Black "Zlochevskij, Alexander"]
[WhiteElo "2465"]
[BlackElo "2454"]
[Result "1/2-1/2"]
[PlyCount "45"]
[EventDate "1999.08.29"]

1. e4 Nf6 2. e5 Nd5 3. d4 d6 4. c4 Nb6 5. exd6 exd6 6. Nc3 Be7 7. Bd3 Nc6 8.
Nge2 Bg4 9. f3 Bh5 10. O-O O-O 11. Ng3 Bg6 12. Bxg6 fxg6 13. d5 Ne5 14. b3 g5
15. Nce4 Nbd7 16. Qd2 h6 17. Bb2 a5 18. a4 Qe8 19. Rae1 Qg6 20. Ne2 g4 21. Nf4
Rxf4 22. Qxf4 Nd3 23. Qd2 1/2-1/2

[Event "XLI Festival A"]
[Site "Imperia ITA"]
[Date "1999.08.??"]
[Round "?"]
[White "Gross, Stefan"]
[Black "Gross, David"]
[WhiteElo "2371"]
[BlackElo "2465"]
[Result "1/2-1/2"]
[PlyCount "25"]
[EventDate "1999.08.29"]

1. d4 f5 2. Nf3 Nf6 3. c4 e6 4. g3 Be7 5. Bg2 O-O 6. O-O d5 7. b3 c6 8. Ba3
Nbd7 9. Qc1 Ne4 10. Bxe7 Qxe7 11. Rd1 h6 12. Nc3 g5 13. Ne5 1/2-1/2

[Event "XLI Festival A"]
[Site "Imperia ITA"]
[Date "1999.08.??"]
[Round "?"]
[White "Gross, Stefan"]
[Black "Kuba, Stanislav"]
[WhiteElo "2371"]
[BlackElo "2309"]
[Result "1-0"]
[PlyCount "79"]
[EventDate "1999.08.29"]

1. c4 c5 2. Nf3 a6 3. Nc3 e6 4. g3 Qc7 5. Bg2 Nc6 6. O-O d6 7. b3 Nf6 8. d4 Be7
9. Bb2 O-O 10. Rc1 Rd8 11. d5 Nb8 12. Ne1 e5 13. e4 Nbd7 14. f4 exf4 15. gxf4
Nf8 16. Nd3 Ng6 17. Qe1 Nd7 18. Nd1 Bh4 19. Qd2 Re8 20. Ne3 Bf6 21. Nf5 Bxb2
22. Qxb2 f6 23. Qf2 Ndf8 24. Ng3 Bd7 25. Kh1 b6 26. Rce1 Ra7 27. Rg1 Bc8 28.
Bf3 b5 29. Nh5 Qd8 30. Qg3 f5 31. e5 dxe5 32. fxe5 f4 33. Nhxf4 Bf5 34. Be4 Rf7
35. e6 Bxe4+ 36. Rxe4 Rf5 37. Nxg6 Nxg6 38. Nxc5 bxc4 39. bxc4 Qb6 40. Nd3 1-0

[Event "XLI Festival A"]
[Site "Imperia ITA"]
[Date "1999.08.??"]
[Round "?"]
[White "Jandecka, Tomas"]
[Black "Colovic, Aleksandar"]
[WhiteElo "2193"]
[BlackElo "2423"]
[Result "1-0"]
[PlyCount "119"]
[EventDate "1999.08.29"]

1. e4 c5 2. Nc3 e6 3. g3 Nc6 4. Bg2 g6 5. d3 Bg7 6. Be3 d6 7. Qd2 Nge7 8. Bh6
O-O 9. h4 f6 10. Bxg7 Kxg7 11. f4 Nd4 12. h5 Nec6 13. Nce2 Qa5 14. Qxa5 Nxa5
15. Nxd4 cxd4 16. hxg6 hxg6 17. e5 dxe5 18. fxe5 fxe5 19. Nf3 Nc6 20. O-O-O e4
21. Ng5 Rf5 22. Nxe4 Bd7 23. Rh4 Rh8 24. Rxh8 Kxh8 25. a3 b6 26. Bh3 Re5 27.
Rf1 Kg7 28. Nf6 Nb8 29. Nxd7 Nxd7 30. Rf4 Rh5 31. Bxe6 Rh1+ 32. Kd2 Rh2+ 33.
Kd1 Rh1+ 34. Ke2 Rh2+ 35. Rf2 Rxf2+ 36. Kxf2 Ne5 37. Ke2 Kf6 38. Bc8 a5 39. c3
dxc3 40. bxc3 Ke7 41. Ke3 Kd6 42. Bb7 Ng4+ 43. Kf4 Nf2 44. Be4 b5 45. Bxg6 Nd1
46. c4 b4 47. axb4 axb4 48. d4 b3 49. c5+ Ke6 50. Bf5+ Kd5 51. Be4+ Ke6 52. d5+
Kd7 53. Bf5+ Kc7 54. d6+ Kc6 55. Be4+ Kd7 56. Ke5 Ne3 57. c6+ Kd8 58. Ke6 Nc4
59. c7+ Kc8 60. d7+ 1-0

[Event "XLI Festival A"]
[Site "Imperia ITA"]
[Date "1999.08.??"]
[Round "?"]
[White "Jandovsky, Viktor"]
[Black "Zlochevskij, Alexander"]
[WhiteElo "2184"]
[BlackElo "2454"]
[Result "0-1"]
[PlyCount "68"]
[EventDate "1999.08.29"]

1. e4 e6 2. d4 d5 3. Nc3 Nf6 4. e5 Nfd7 5. f4 c5 6. Nf3 Nc6 7. Be3 a6 8. Qd2 b5
9. dxc5 Bxc5 10. Nd4 Bb7 11. O-O-O Qb6 12. h4 O-O 13. Rh3 Nxd4 14. Bxd4 Rfe8
15. Kb1 Bc6 16. Ne2 b4 17. Nc1 Ba4 18. Nb3 Bxb3 19. Rxb3 a5 20. Rg3 Qc7 21.
Bxc5 Nxc5 22. Bd3 Rab8 23. Re1 Rb6 24. h5 Nxd3 25. Qxd3 Rc6 26. h6 g6 27. Rc1
Qb6 28. Rf3 a4 29. Rff1 Rc4 30. g4 a3 31. f5 axb2 32. Kxb2 Rc3 33. Qd2 Qa6 34.
fxg6 Ra8 0-1

[Event "XLI Festival A"]
[Site "Imperia ITA"]
[Date "1999.08.??"]
[Round "?"]
[White "Jirovsky, Milos"]
[Black "Babula, Milan"]
[WhiteElo "2458"]
[BlackElo "2334"]
[Result "1/2-1/2"]
[PlyCount "152"]
[EventDate "1999.08.29"]

1. c4 Nf6 2. Nf3 g6 3. g3 Bg7 4. Bg2 O-O 5. O-O c6 6. d4 d5 7. Nbd2 Bf5 8. b3
Nbd7 9. Bb2 b5 10. Nh4 Be6 11. Qc2 Nb6 12. c5 Nbd7 13. Rfe1 Re8 14. f3 Nf8 15.
e4 a5 16. Nf1 Qc7 17. Ne3 Rad8 18. Rad1 Bc8 19. a3 e6 20. Bf1 Ba6 21. e5 N6d7
22. Bc3 Ra8 23. Qd2 a4 24. bxa4 bxa4 25. Bxa6 Rxa6 26. Rb1 Raa8 27. Qc2 g5 28.
Nhg2 f6 29. f4 gxf4 30. gxf4 fxe5 31. fxe5 Ng6 32. Ng4 Reb8 33. Bd2 Kh8 34. Bg5
Rxb1 35. Rxb1 Rb8 36. h4 Rxb1+ 37. Qxb1 Bf8 38. h5 Be7 39. Qc1 Qd8 40. Bxe7
Nxe7 41. Qg5 Qf8 42. Nf4 Qf5 43. Qxf5 exf5 44. Ne3 Nb8 45. Nd1 Na6 46. Ne6 Kg8
47. Nc3 Kf7 48. Nd8+ Kg7 49. Nxa4 Kh6 50. Kf2 Kxh5 51. Kf3 Nc7 52. Nc3 Kg5 53.
a4 h5 54. Ne2 Ng6 55. Nxc6 f4 56. Nb4 Nh4+ 57. Kf2 Nf5 58. Nd3 Ne6 59. Ne1 Kg4
60. Nf3 h4 61. a5 Nc7 62. Nh2+ Kg5 63. Nf3+ Kg4 64. Neg1 Ne7 65. Nh2+ Kf5 66.
Nhf3 Ke4 67. Ne2 Nc6 68. Ng5+ Kd3 69. e6 Nxa5 70. e7 Nc6 71. Nxf4+ Kc4 72. Ng6
Nxd4 73. Kg2 Kxc5 74. Kh3 Kd6 75. Kg4 Nc6 76. Nf7+ Kd7 1/2-1/2

[Event "XLI Festival A"]
[Site "Imperia ITA"]
[Date "1999.08.??"]
[Round "?"]
[White "Jirovsky, Milos"]
[Black "Di Paolo, Raffaele"]
[WhiteElo "2458"]
[BlackElo "2294"]
[Result "1-0"]
[PlyCount "80"]
[EventDate "1999.08.29"]

1. Nf3 Nf6 2. c4 g6 3. g3 Bg7 4. Bg2 d6 5. O-O O-O 6. Nc3 e5 7. d4 Nbd7 8. Qc2
Re8 9. Rd1 exd4 10. Nxd4 c6 11. e4 Qe7 12. f3 Ne5 13. b3 h5 14. h3 Nh7 15. f4
Nd7 16. Be3 a5 17. Re1 Nc5 18. Rad1 g5 19. Qf2 gxf4 20. gxf4 Kh8 21. e5 dxe5
22. Nxc6 bxc6 23. Bxc5 Qf6 24. fxe5 Qg6 25. Kh1 Bf5 26. Bd6 Ng5 27. Re3 Rac8
28. Rf1 Bd3 29. Rg1 Bh6 30. Rg3 h4 31. Rg4 Re6 32. Qxh4 Qh7 33. c5 Bf5 34. Rg3
Rg6 35. Rf1 Re6 36. a3 Bc2 37. b4 axb4 38. axb4 Rg8 39. Bxc6 Reg6 40. Rfg1 Rc8
1-0

[Event "XLI Festival A"]
[Site "Imperia ITA"]
[Date "1999.08.??"]
[Round "?"]
[White "Jirovsky, Milos"]
[Black "Jandecka, Tomas"]
[WhiteElo "2458"]
[BlackElo "2193"]
[Result "1/2-1/2"]
[PlyCount "47"]
[EventDate "1999.08.29"]

1. Nf3 c5 2. c4 g6 3. d4 cxd4 4. Nxd4 f5 5. g3 Bg7 6. Bg2 Nc6 7. Nb3 Nf6 8. O-O
O-O 9. Nc3 b6 10. Bg5 Bb7 11. Qd2 Qc8 12. Rac1 Nb4 13. e4 fxe4 14. Bxf6 e3 15.
Qxe3 Bxf6 16. Nd5 Nxd5 17. cxd5 Qb8 18. Rc2 Qe5 19. Qd3 Rac8 20. Re2 Qd6 21.
Rd1 b5 22. Nd2 Bxb2 23. Ne4 Qa3 24. Bh3 1/2-1/2

[Event "XLI Festival A"]
[Site "Imperia ITA"]
[Date "1999.08.??"]
[Round "?"]
[White "Jirovsky, Pavel"]
[Black "Di Paolo, Raffaele"]
[WhiteElo "2321"]
[BlackElo "2294"]
[Result "0-1"]
[PlyCount "128"]
[EventDate "1999.08.29"]

1. d4 Nf6 2. Nf3 d6 3. g3 g6 4. Bg2 Bg7 5. O-O O-O 6. c4 Nc6 7. Nc3 e5 8. d5
Ne7 9. e4 Ne8 10. Ne1 f5 11. Nd3 Nf6 12. Bg5 h6 13. Bxf6 Bxf6 14. f4 exf4 15.
Nxf4 Be5 16. exf5 Bxf4 17. Rxf4 Bxf5 18. Qb3 g5 19. Rf2 b6 20. Raf1 Qd7 21. Nb5
Ng6 22. Nd4 Bg4 23. Be4 Qg7 24. Ne6 Bxe6 25. dxe6 Rxf2 26. Rxf2 Rf8 27. c5 Ne7
28. Rxf8+ Kxf8 29. Qf3+ Ke8 30. cxd6 cxd6 31. Bc6+ Kd8 32. Bd7 Qd4+ 33. Kf1
Qc4+ 34. Kg1 Qc5+ 35. Kf1 Qf5 36. Kg2 Qxf3+ 37. Kxf3 Ng8 38. Ba4 Nf6 39. Bb3
Ke7 40. h3 d5 41. Ke3 Kxe6 42. Kd4 Kd6 43. g4 h5 44. gxh5 Nxh5 45. Bxd5 Nf4 46.
Bf3 Nxh3 47. b4 Nf4 48. a4 Ng6 49. Be2 Ne5 50. Ke4 Nc6 51. a5 bxa5 52. bxa5
Nxa5 53. Kf5 Kc5 54. Ba6 Nb3 55. Kxg5 Kb4 56. Bb7 a5 57. Bc6 Nd4 58. Bd7 Nb5
59. Kf4 a4 60. Ke3 a3 61. Be6 Kc3 62. Bf7 Nd4 63. Ba2 Nb3 64. Ke2 Nc1+ 0-1

[Event "XLI Festival A"]
[Site "Imperia ITA"]
[Date "1999.08.??"]
[Round "?"]
[White "La Torre, Giovanni"]
[Black "Barlocco, Carlo"]
[WhiteElo "1902"]
[BlackElo "2161"]
[Result "0-1"]
[PlyCount "72"]
[EventDate "1999.08.29"]

1. e4 c5 2. Nf3 e6 3. d4 cxd4 4. Nxd4 Nf6 5. Nc3 Qb6 6. Nb3 Nc6 7. Be3 Qc7 8.
Be2 a6 9. O-O b5 10. f3 Bb4 11. Kh1 O-O 12. Bd3 Bxc3 13. bxc3 d5 14. Bg5 Qe5
15. f4 Qxc3 16. Rf3 dxe4 17. Bxe4 Nxe4 18. Rxc3 Nf2+ 19. Kg1 Nxd1 20. Rxd1 Nb4
21. Be7 Nd5 22. Rxd5 exd5 23. Bxf8 Kxf8 24. Rc7 Bf5 25. Nd4 Rc8 26. Ra7 Bxc2
27. Rxa6 Bd3 28. Rb6 Ra8 29. Nxb5 Rxa2 30. Nd4 Be4 31. Nc6 Rxg2+ 32. Kf1 g6 33.
Rb8+ Kg7 34. Re8 Rg4 35. Ke2 Rxf4 36. Nd4 Rh4 0-1

[Event "XLI Festival A"]
[Site "Imperia ITA"]
[Date "1999.08.??"]
[Round "?"]
[White "Lo Curto, Emanuele"]
[Black "Faraci, Antonino"]
[WhiteElo "2081"]
[BlackElo "2104"]
[Result "0-1"]
[PlyCount "78"]
[EventDate "1999.08.29"]

1. e4 c5 2. Nf3 d6 3. d4 cxd4 4. Nxd4 Nf6 5. Nc3 g6 6. Bc4 Bg7 7. Bb3 O-O 8. f3
Nc6 9. Be3 Bd7 10. Qd2 Qc8 11. O-O-O Ne5 12. g4 Nc4 13. Bxc4 Qxc4 14. h4 Rac8
15. h5 b5 16. Kb1 b4 17. Nce2 e5 18. Nb3 Be6 19. Rh2 a5 20. Ng3 a4 21. Nc1 d5
22. g5 Nxh5 23. Nxh5 gxh5 24. Rxh5 dxe4 25. Rh4 Bf5 26. f4 exf4 27. Rxf4 Bg6
28. Rh4 Qc7 29. Ne2 Rfd8 30. Qc1 Rxd1 31. Qxd1 Rd8 32. Qe1 a3 33. b3 Qe5 34. c3
bxc3 35. Kc2 Rd2+ 36. Bxd2 cxd2 37. Kxd2 e3+ 38. Kd1 Qd5+ 39. Kc1 Bb2# 0-1

[Event "XLI Festival A"]
[Site "Imperia ITA"]
[Date "1999.08.??"]
[Round "?"]
[White "Mela, Riccardo"]
[Black "Ravagnani, Tiziano"]
[WhiteElo "1990"]
[BlackElo "2025"]
[Result "0-1"]
[PlyCount "50"]
[EventDate "1999.08.29"]

1. d4 Nf6 2. Nf3 g6 3. c4 Bg7 4. Nc3 d5 5. cxd5 Nxd5 6. e4 Nxc3 7. bxc3 c5 8.
Bb5+ Nc6 9. Be3 Qa5 10. Qb3 O-O 11. O-O Bg4 12. Bxc6 bxc6 13. Rac1 Rab8 14. Qc4
Bxf3 15. gxf3 Rb2 16. a4 Rfb8 17. dxc5 Qc7 18. f4 Qd7 19. Rfd1 Qg4+ 20. Kh1
Qf3+ 21. Kg1 e5 22. f5 gxf5 23. Rd7 fxe4 24. Rxa7 Bh6 25. Qf1 Kh8 0-1

[Event "XLI Festival A"]
[Site "Imperia ITA"]
[Date "1999.08.??"]
[Round "?"]
[White "Melich, Jindrich"]
[Black "Gross, David"]
[WhiteElo "2160"]
[BlackElo "2465"]
[Result "0-1"]
[PlyCount "56"]
[EventDate "1999.08.29"]

1. b4 e5 2. Bb2 Bxb4 3. Bxe5 Nf6 4. c4 O-O 5. Nf3 d5 6. e3 Bg4 7. cxd5 Re8 8.
Bb2 Nxd5 9. Bc4 Nc6 10. O-O Ne5 11. Be2 Ng6 12. Nc3 Nxc3 13. dxc3 Bd6 14. c4 c5
15. Qc2 Qe7 16. h3 Bd7 17. Rfd1 Bc6 18. Rd2 Rad8 19. Rad1 a6 20. Qc3 f6 21. Ba3
b6 22. Qb3 Bc7 23. Bb2 Ne5 24. Rxd8 Rxd8 25. Rxd8+ Qxd8 26. Bxe5 fxe5 27. Qc2
Qd6 28. Bd3 e4 0-1

[Event "XLI Festival A"]
[Site "Imperia ITA"]
[Date "1999.08.??"]
[Round "?"]
[White "Mozny, Milos"]
[Black "Gross, David"]
[WhiteElo "2366"]
[BlackElo "2465"]
[Result "1/2-1/2"]
[PlyCount "27"]
[EventDate "1999.08.29"]

1. d4 d5 2. Nf3 Nf6 3. c4 e6 4. cxd5 exd5 5. Nc3 Be7 6. Bg5 O-O 7. e3 c6 8. Qc2
Nbd7 9. Be2 Re8 10. O-O Bf8 11. Ne5 Be7 12. Nxd7 Nxd7 13. Bxe7 Qxe7 14. Bd3
1/2-1/2

[Event "XLI Festival A"]
[Site "Imperia ITA"]
[Date "1999.08.??"]
[Round "?"]
[White "Musil, Vitezslav"]
[Black "Dinser, Hans"]
[WhiteElo "2221"]
[BlackElo "2040"]
[Result "1-0"]
[PlyCount "55"]
[EventDate "1999.08.29"]

1. e4 c5 2. Nf3 d6 3. d4 cxd4 4. Nxd4 Nf6 5. Nc3 a6 6. Bg5 e6 7. f4 b5 8. e5
dxe5 9. fxe5 Qc7 10. Bxb5+ axb5 11. exf6 Qe5+ 12. Qe2 Qxg5 13. Ndxb5 Na6 14.
Ne4 Qe5 15. fxg7 Bxg7 16. Nbd6+ Ke7 17. O-O f5 18. Rad1 Nc5 19. Qh5 Rf8 20.
Qh4+ Bf6 21. Nxf6 Qxf6 22. Qxh7+ Rf7 23. Nxf7 Qxf7 24. Qh4+ Qf6 25. Qb4 Qe5 26.
Rfe1 Qc7 27. Qh4+ Kf7 28. Qh7+ 1-0

[Event "XLI Festival A"]
[Site "Imperia ITA"]
[Date "1999.08.??"]
[Round "?"]
[White "Musil, Vitezslav"]
[Black "Karl, Hans"]
[WhiteElo "2221"]
[BlackElo "2283"]
[Result "0-1"]
[PlyCount "78"]
[EventDate "1999.08.29"]

1. e4 e5 2. Nf3 Nc6 3. Bc4 Bc5 4. b4 Bxb4 5. c3 Ba5 6. d4 exd4 7. O-O dxc3 8.
Qb3 Qf6 9. e5 Qf5 10. Nxc3 Nge7 11. Ba3 O-O 12. Rad1 Bb6 13. Bd3 Qh5 14. Ne4 d5
15. exd6 cxd6 16. Ng3 Qa5 17. Bb2 Be6 18. Qc2 h6 19. Bh7+ Kh8 20. Bc3 Qc5 21.
Ne4 Bf5 22. Bxf5 Qxf5 23. Rxd6 Ng6 24. Qc1 Qf4 25. Qb2 f6 26. Nfd2 Nge5 27. Ng3
Rad8 28. Rxd8 Rxd8 29. Nde4 Nd3 30. Qc2 f5 31. Bxg7+ Kh7 32. Nf6+ Kg6 33. Nfh5
Bxf2+ 34. Rxf2 Qxf2+ 35. Qxf2 Nxf2 36. Kxf2 f4 37. Nxf4+ Kxg7 38. Ne6+ Kf6 39.
Nxd8 Nxd8 0-1